| 000 | 00491nmm a2200169Ia 4500 | ||
|---|---|---|---|
| 008 | 251105s9999||||xx |||||||||||||||||und|| | ||
| 020 | _a9789587382471 | ||
| 041 | _aspa | ||
| 100 | _aCailo Rivera, Juan | ||
| 245 | 0 | _aControl judicial y modulación de fallos de tutela | |
| 264 |
_a[Bogotá, Colombia] : _bUniversidad del Rosario, _c2012 |
||
| 300 | _a138 páginas | ||
| 490 | _aÓpera Prima | ||
| 650 | _aLaw | ||
| 856 | _uhttps://public.digitaliapublishing.com/a/17311 | ||
| 942 | _cCF | ||
| 999 |
_c95711 _d95711 |
||